| 000 | 00367 a2200133 4500 | ||
|---|---|---|---|
| 020 | _a0316545856 | ||
| 082 | _a968.064092 | ||
| 100 | _aNelson Mandela | ||
| 245 |
_aLong walk to freedom:The autobiography of Nelson Mandela _cMandela, Nelson _hEnglish |
||
| 250 | _a1st | ||
| 260 |
_aRawalpindi _bIzharsons _c1994 |
||
| 650 | _aautobiography | ||
| 942 |
_cBK _k968.064092 MAN |
||
| 999 |
_c10683 _d10683 |
||